Sports Quiz

Random Sports Quiz
Score 0/127 Timer 20:00
0 Plays Today
Games played Player % Correct
367Ilya Kovalchuk
97.5%
147Dustin Byfuglien
94.5%
163Andrew Ladd
93.5%
222Marian Hossa
93%
200Kari Lehtonen
89.4%
187Ondrej Pavelec
88.9%
380Tobias Enstrom
86.9%
356Bryan Little
85.9%
221Nikolai Antropov
82.9%
103Blake Wheeler
82.4%
53Chris Mason
81.4%
213Evander Kane
78.4%
382Vyacheslav Kozlov
75.9%
264Zach Bogosian
73.9%
449Jim Slater
73.4%
172Johnny Oduya
71.9%
385Chris Thorburn
67.8%
150Alexander Burmistrov
67.3%
82Marc Savard
67.3%
180Rich Peverley
65.8%
299Ron Hainsey
65.3%
18Keith Tkachuk
65.3%
103Mark Stuart
64.8%
51Colin Stuart
63.8%
221Todd White
62.3%
179Colby Armstrong
62.3%
137Johan Hedberg
61.8%
79Niclas Bergfors
61.3%
377Eric Boulton
56.3%
271Garnet Exelby
56.3%
79Pascal Dupuis
56.3%
76Pavel Kubina
56.3%
82Maxim Afinogenov
55.3%
53Mark Recchi
53.3%
64Patrik Stefan
52.3%
41Jason Williams
50.8%
57Erik Christensen
49.7%
80Anthony Stewart
49.2%
30Patrice Cormier
49.2%
8Karl Stewart
48.7%
303Niclas Havelid
47.2%
83Alexei Zhitnik
47.2%
4Paul Postma
45.7%
Games played Player % Correct
2Clay Wilson
45.2%
38Anssi Salmela
44.2%
140Scott Mellanby
43.7%
80Boris Valabik
43.7%
38Braydon Coburn
43.2%
7Mark Scheifele
42.7%
228Bobby Holik
42.2%
114Tim Stapleton
42.2%
24Eric Belanger
41.7%
77Kyle Wellwood
40.7%
59Brent Sopel
40.7%
7Chris Chelios
40.2%
164Greg de Vries
38.7%
77Jon Sim
38.7%
44Mathieu Schneider
38.2%
34Ben Eager
38.2%
5Steve Shields
38.2%
131Andy Sutton
37.7%
39Randy Jones
37.7%
113J.P. Vigier
36.7%
60Peter Bondra
36.2%
52Vitaly Vishnevski
36.2%
24Michael Garnett
36.2%
17Mike Dunham
36.2%
45Antti Miettinen
35.7%
17Evgeny Artyukhin
34.2%
7Carl Klingberg
33.7%
159Marty Reasoner
33.2%
57Glen Metropolit
33.2%
36Fredrik Modin
33.2%
2Chris Kunitz
33.2%
159Eric Perrin
32.2%
72Ken Klee
32.2%
60Ronald Petrovicky
32.2%
60Niko Kapanen
31.7%
21Ben Maxwell
31.7%
13Radek Dvorak
31.7%
2Derek Meech
31.7%
25Spencer Machacek
31.2%
53Nathan Oystrick
30.7%
1Grant Lewis
30.7%
47Steve Rucchin
30.2%
15Arturs Kulda
29.6%
Games played Player % Correct
12Grant Clitsome
29.6%
9Nigel Dawes
29.6%
19Brett Sterling
28.6%
79Jaroslav Modry
27.6%
74Serge Aubin
27.1%
15Freddy Meyer
26.1%
196Brad Larsen
25.1%
80Mark Popovic
24.6%
18Joel Kwiatkowski
24.6%
14Jason Krog
24.6%
78Tanner Glass
24.1%
2Noah Welch
24.1%
117Steve McCarthy
23.6%
1Patrick Rissmiller
23.6%
15Derek MacKenzie
22.6%
3Peter Mannino
22.6%
21Clarke MacArthur
21.6%
138Shane Hnidy
21.1%
47Christoph Schubert
21.1%
35Eric Fehr
21.1%
6Ramzi Abid
21.1%
33Mark Flood
20.6%
1Tomas Kloucek
19.6%
29Joey Crabb
19.1%
18Rob Schremp
19.1%
1Scott Lehman
19.1%
5Brett Festerling
18.6%
6Rico Fata
17.1%
8Kevin Doell
16.6%
6Francis Lessard
16.6%
13Jason Jaffray
16.1%
9Adam Berkhoel
16.1%
20Darren Haydar
15.6%
3Scott Barney
15.1%
4Jordan LaVallee
14.6%
6Joe Motzko
13.6%
3Denis Hamel
12.6%
4Andrei Zubarev
11.6%
5Brett MacLean
10.6%
7Aaron Gagnon
10.1%
9Kenndal McArdle
9.5%

You're not logged in!

Compare scores with friends on all Sporcle quizzes.
OR
Log In

Sporcle TV

Today on Sporcle TV


Watch our educational content, quiz creation guides, and fun videos on Sporcle TV.

Show Comments

Extras

Top Quizzes Today


Score Distribution

Paid Content

Your Account Isn't Verified!

In order to create a playlist on Sporcle, you need to verify the email address you used during registration. Go to your Sporcle Settings to finish the process.

Report this User

Report this user for behavior that violates our Community Guidelines.

Details: